Yüksek Seçim Kurulu ilke kararları (Record no. 2591)

MARC details
000 -BAŞLIK
Sabit Uzunlukta Kontrol Alanı 00688na a2200217 4500
001 - KONTROL NUMARASI
Denetim Alanı 19970
003 - KONTROL NUMARASI IDENTIFIER
Denetim Alanı MIRAKIL
005 - SON İŞLEM TARİHİ VE ZAMANI
Denetim Alanı 20181213154903.0
008 - SABİT-BOY VERİ ELEMANLARI - GENEL BİLGİLER
Sabit Uzunlukta Kontrol Alanı 161229b tu 000 0
040 ## - KATALOGLAMA KAYNAK
Orijinal Kataloglama Ajansı Milas
Kataloglama Dili tur
Metne Dönüştürmek Ajansı TR-AnCHP
041 ## - DİL KODU
Metin / Ses Parça Veya Ayrı Başlığın Dil Kodu tur
082 ## - DEWEY ONLU SINIFLANDIRMA NUMARASI
Sınıflandırma Numarası 342.07026
Ürün Numarası Y94 1999
090 ## - SINIFLAMA NUMARASI
Sınıflama Numarası 342.07026 Y94 1999
245 ## - BAŞLIK TABLOSU
Başlık Yüksek Seçim Kurulu ilke kararları
Başlığın Kalan 1995-1996-1997 yılları
Sorumluluk Tablosu, Vb [Yüksek Seçim Kurulu]
260 ## - YAYIN, DAĞITIM, VB
Yayın, Dağıtım, Vb Yeri Ankara
Yayıncı, Dağıtıcı, Vs Adı Devlet İstatistik Enstitüsü (DİE)
Yayın, Dağıtım, Vb Tarihi 1999
300 ## - FİZİKSEL TANIM
Kapsam 437 s.
Boyutlar 25 sm.
610 ## - KONU KATMA GİRİŞ - TOPLANTI ADI
Giriş Elemanı Olarak Kurumsal Ad Veya Yargı Alanı Adı Yüksek Seçim Kurulu (YSK)
Genel Alt Bölüm Yasalar
Kronolojik Alt Bölüm Kararlar
650 ## - KONU KATMA GİRİŞ - TOPİKAL DÖNEM
Topikal Süreli Veya Coğrafi Ad Giriş Elemanı Seçim
Genel Alt Bölümü Hukuk ve mevzuat
710 ## - KATMA GİRİŞ - KURUMSAL ADI
Giriş Elemanı Olarak Kurumsal Ad Veya Yargı Alanı Adı Devlet İstatistik Enstitüsü (DİE)
942 ## - EKLENDİ GİRİŞ ELEMANLARI (KOHA)
Sınıflandırma Veya Raf Düzeni Kaynak Dewey Decimal Classification
Koha Öğesi Türü Books
999 ## - SİSTEM KONTROL NUMARALARI (KOHA)
Koha Biblionumber 2591
Koha Biblioitemnumber 2591
Holdings
Kalıcı Konum Mevcut Konum Edinme Tarihi Edinim Kaynak Toplam Check-Out'Lar Tam Çağrı Numarası Barkod Tarih Son Görülme İtibaren Geçerli Fiyatlar Koha Öğesi Türü
CHP Kütüphanesi CHP Kütüphanesi 12/29/2016 Bağış   342.07026 Y94 1999 010384 12/29/2016 12/29/2016 Books